The vision, a poem : Containing reflections on fashionable attachments, fashionable marriages, and fashionable education. By an Enemy to them all.

Bibliographic Details
Main Author: Grady, Thomas, -1842
Corporate Author: Gale (Firm)
Format: eBook
Language:English
Published: Dublin : Printed for P. Byrne, No. 108, Grafton-Street, 1798.
Subjects:
Online Access:Connect to the full text of this electronic book

MARC

Tag First Indicator Second Indicator Subfields
LEADER 00000cam a2200000 4500
001 in00003820002
005 20190415190408.0
006 m o d
007 cr |n||||||||n
008 901221s1798 ie |||| o 00||||eng c
035 |a (CU-RivES)T202845 
035 |a (Uk-ES)006297372 
035 |a (OCoLC)509732294 
040 |a Uk-ES  |c Uk-ES  |d CStRLIN  |d Cengage Gale  |d UtOrBLW 
050 4 |a PR3499.G483  |b G733 1798 
100 1 |a Grady, Thomas,  |d -1842.  |0 http://id.loc.gov/authorities/names/no90006333 
245 1 4 |a The vision, a poem :  |b Containing reflections on fashionable attachments, fashionable marriages, and fashionable education. By an Enemy to them all. 
264 1 |a Dublin :  |b Printed for P. Byrne, No. 108, Grafton-Street,  |c 1798. 
300 |a 1 online resource (v, 3 unnumbered pages, 46, 2 unnumbered pages)  
336 |a text  |b txt  |2 rdacontent 
337 |a computer  |b c  |2 rdamedia 
338 |a online resource  |b cr  |2 rdacarrier 
500 |a An enemy = Thomas Grady. 
500 |a With an errata slip. 
509 |a Verify conts. of final leaf 
510 4 |a English Short Title Catalog,  |c T202845. 
500 |a Reproduction of original from Library of Congress. 
500 |a Electronic resource. 
650 0 |a English poetry  |z Great Britain  |y 18th century. 
655 7 |a Electronic books.  |2 local 
655 7 |a Poems.  |2 rbgenr 
710 2 |a Gale (Firm)  |0 http://id.loc.gov/authorities/names/no2008071348 
752 |a Ireland  |d Dublin. 
856 4 0 |u http://proxy.library.tamu.edu/login?url=http://find.galegroup.com/ecco/infomark.do?contentSet=ECCOArticles&docType=ECCOArticles&bookId=1419100200&type=getFullCitation&tabID=T001&prodId=ECCO&docLevel=TEXT_GRAPHICS&version=1.0&source=library&userGroupName=txshracd2898  |z Connect to the full text of this electronic book  |t 0 
999 f f |s 6a88fdff-9231-3beb-aeb8-640f289cc975  |i 923218a0-1884-392c-810d-44bf842cac32  |t 0 
952 f f |a Texas A&M University  |b College Station  |c Electronic Resources  |d Available Online  |t 0  |e PR3499.G483 G733 1798  |h Library of Congress classification 
998 f f |a PR3499.G483 G733 1798  |t 0  |l Available Online